| Tag |
First Indicator |
Second Indicator |
Subfields |
| LEADER |
00000cam a2200000 i 4500 |
| 001 |
in00003611607 |
| 006 |
m o d |
| 007 |
cr ||||||||||| |
| 008 |
151006s2016 enk o 000 0 eng |
| 005 |
20250816212444.9 |
| 010 |
|
|
|a 2015039161
|
| 020 |
|
|
|a 9781118980125
|q ePub
|
| 020 |
|
|
|a 1118980123
|q ePub
|
| 020 |
|
|
|a 9781118980118
|q Adobe PDF
|
| 020 |
|
|
|a 1118980115
|q Adobe PDF
|
| 020 |
|
|
|z 9781118980040
|q cloth
|
| 024 |
8 |
|
|a 99969705793
|
| 035 |
|
|
|a (NhCcYBP)ebr11152606
|
| 040 |
|
|
|a NhCcYBP
|c NhCcYBP
|d UtOrBLW
|
| 042 |
|
|
|a pcc
|
| 050 |
|
4 |
|a LC4708
|b .R45 2016
|
| 072 |
|
7 |
|a EDU
|x 001000
|2 bisacsh
|
| 072 |
|
7 |
|a EDU
|x 036000
|2 bisacsh
|
| 082 |
0 |
0 |
|a 371.91/44
|2 23
|
| 100 |
1 |
|
|a Reid, Gavin.
|0 http://id.loc.gov/authorities/names/n82019678
|
| 245 |
1 |
0 |
|a Dyslexia :
|b a practitioners handbook /
|c Gavin Reid.
|
| 250 |
|
|
|a Fifth edition.
|
| 264 |
|
1 |
|a Chichester, West Sussex ;
|a Malden, MA :
|b John Wiley & Sons,
|c 2016.
|
| 300 |
|
|
|a 1 online resource.
|
| 336 |
|
|
|a text
|b txt
|2 rdacontent
|
| 337 |
|
|
|a computer
|b c
|2 rdamedia
|
| 338 |
|
|
|a online resource
|b cr
|2 rdacarrier
|
| 504 |
|
|
|a Includes bibliographical references and index.
|
| 588 |
|
|
|a Description based on online resource; title from digital title page (viewed on March 22, 2016).
|
| 500 |
|
|
|a Electronic resource.
|
| 650 |
|
0 |
|a Dyslexic children
|x Education
|v Handbooks, manuals, etc.
|
| 650 |
|
0 |
|a Dyslexic children
|x Ability testing
|v Handbooks, manuals, etc.
|
| 650 |
|
0 |
|a Curriculum planning
|v Handbooks, manuals, etc.
|0 http://id.loc.gov/authorities/subjects/sh2009121176
|
| 655 |
|
7 |
|a Electronic books.
|2 local
|
| 710 |
2 |
|
|a ebrary, Inc.
|0 http://id.loc.gov/authorities/names/no2007088509
|
| 776 |
1 |
8 |
|i Print version:
|a Reid, Gavin.
|t Dyslexia
|b Fifth edition.
|d Chichester, West Sussex ; Malden, MA : John Wiley & Sons, 2016
|z 9781118980040
|w (DLC) 2015038409
|
| 856 |
4 |
1 |
|u https://ebookcentral.proquest.com/lib/tamucs/detail.action?docID=4354942
|y Connect to the full text of this electronic book
|t 0
|
| 955 |
|
|
|a YBP purchased DDA e-records
|
| 980 |
|
|
|b 185.93
|g 1
|
| 987 |
|
|
|a ybp12818882
|
| 999 |
f |
f |
|s 44c5162f-6685-3502-90ed-1872d75abc89
|i 2054de65-3f55-38cc-a5e7-281dc4f89ae9
|t 0
|
| 952 |
f |
f |
|a Texas A&M University
|b College Station
|c Electronic Resources
|d Available Online
|t 0
|e LC4708 .R45 2016
|h Library of Congress classification
|
| 998 |
f |
f |
|a LC4708 .R45 2016
|t 0
|l Available Online
|